Statistics for Most Populous Bird Species

Click here to take the quiz!

General Stats

  • This quiz has been taken 28 times
  • The average score is 2 of 10

Answer Stats

PopulationAnswer% Correct
24 billiondomestic chicken
92%
173 millioncommon pheasant
25%
120 millioncommon swift
21%
27.5 millionblack grouse
13%
27.5 millionblue-crownded motmot
13%
145 milliongreat spotted woodpecker
13%
50 millionAntarctic prion (petrel)
8%
63 millioncommon cuckoo
8%
168 millioncommon quail
8%
40 millionwillow ptarmigan
8%

Score Distribution

Percentile by Number Answered

Percent of People with Each Score

Your Score History

You have not taken this quiz